| 000 | 00925nam a2200217Ia 4500 | ||
|---|---|---|---|
| 999 |
_c28603 _d28603 |
||
| 003 | OSt | ||
| 005 | 20200813141156.0 | ||
| 008 | 160316s2009 xxu||||| |||| 00| 0 eng d | ||
| 020 | _a 9780421953901 | ||
| 040 | _cNLS | ||
| 082 |
_a344.050000 _bHYD |
||
| 100 | _aHyde Philip | ||
| 245 | _aLicensing law and practice | ||
| 260 |
_aLondon _bSweet & Maxwell _c2009 |
||
| 300 |
_a1518p _clxxxvii |
||
| 365 | _bRs. 13,265 | ||
| 505 | _aCONTENTS General considerations, appeals and judicial review Alcohol, entertainment, late night refreshment Commentary Legislation Forms Gambling Commentary Legislation Forms Hackney carriages and private hire vehicles outside London Commentary Legislation Sex establishments Commentary Legislation Forms Street trading Commentary Legislation | ||
| 650 | _a1. License System - U K 2. Gambling - Law & Legislation - U K | ||
| 700 |
_aRohsler Carl _a |
||
| 942 |
_2ddc _cBK |
||